| 000 | 01315nam a22002057a 4500 | ||
|---|---|---|---|
| 999 |
_c62731 _d62731 |
||
| 003 | Ge_BSU | ||
| 005 | 20250203113402.0 | ||
| 008 | 250203s2014 ge ||||| |||| 00| 0 geo d | ||
| 020 | _a15123154 | ||
| 041 | _ageo | ||
| 080 | _a94(100) ''15/18'' ა-98 | ||
| 245 |
_aახალი და უახლესი ისტორიის საკითხები N2 (15) / _cსაგამომც. საბჭო ი. არაბიძე, ლ. მიქიაშვილი და სხვ.; რედ. ი. გაბისონია, ზ. გამეზარდაშვილი, გ. გელაშვილი და სხვ.; ივანე ჯავახიშვილის ისტორიის და ეთნოლოგიის ინსტიტუტი |
||
| 264 |
_aთბილისი : უნივერსალი _bუნივერსალი _c2014. |
||
| 300 |
_a448 გვ. _b21 სმ. |
||
| 504 | _aბიბლიოგრ. ტექსტების ბოლოს | ||
| 520 | _aრეზიუმე თავების ბოლოს | ||
| 653 | _aისტორია | ||
| 856 |
_uhttps://iverieli.nplg.gov.ge/bitstream/1234/149300/4/Axali_Da_Uaxlesi_Istoriis_Sakitxebi_2014_N2.pdf _yელ. ვერსია |
||
| 942 |
_2udc _cᲬᲘᲒᲜᲘ |
||